| 000 | | | 03678nmc2a22002413x 450 |
| 001 | | | d08fc6c2-6efa-444a-8a83-7743c2d0c351 |
| 005 | | | 20210428105507.0 |
| 100 | ## | $a | 20201214l19121914k l0rusy0189 ca |
| 101 | 0# | $a | rus |
| 102 | ## | $a | RU |
| 105 | ## | $a | y### |
| 122 | 2# | $a | d |
| 200 | 1# | $a | Финансовый план введения всеобщего обучения в городе Пскове Псковской губернии Петербургского учебного округа |
| | $j | 17 мая 1912 г. - 10 сентября 1914 г. |
| 215 | ## | $a | 11 л. |
| | $d | 36,5х26 см |
| 251 | ## | $c | Дело |
| 300 | ## | $a | Дело |
| 371 | ## | $a | Документ не является опубликованным и широко распространяемым |
| 461 | #0 | $1 | 001a74412a3-3cc5-4d21-8f0a-dfe2fbd9e72d |
| | $1 | 2001 |
| | $a | Департамент народного просвещения Министерства народного просвещения |
| | $1 | 251 |
| | $c | Фонд |
| | $1 | 852 |
| | $j | 733 |
| 462 | #0 | $1 | 00173c1669c-51d1-410e-a12d-e121acdd6a9e |
| | $1 | 2001 |
| | $a | Дела о школьных сетях и финансовые планы |
| | $1 | 251 |
| | $c | Опись |
| | $1 | 852 |
| | $j | 187 |
| 801 | #0 | $a | RU |
| | $b | РГИА |
| | $c | 20201214 |
| | $g | RCR |
| 801 | #1 | $a | RU |
| | $b | ГлавНИВЦ |
| | $c | 20201214 |
| | $2 | rusmarc |
| 801 | #2 | $a | RU |
| | $b | ПБ им. Б.Н. Ельцина |
| | $c | 20210428 |
| | $g | RCR |
| | $2 | rusmarc |
| 850 | ## | $a | РГИА |
| 852 | ## | $a | РГИА |
| | $e | Федеральное казенное учреждение "Российский государственный исторический архив" (РГИА) |
| | $j | 108 |
| 937 | ## | $h | РГИА |
| | $d | 12356453 |
| | $a | ASBIBLIO_SCAN |
| 035 | ## | $a | RusGRCC00020047 |
| 856 | ## | $u | http://readingroom.main.prlib.ru/item.aspx?id_node=n163744067&mode=full |